000 00785nam a22002537a 4500
001 25514
005 20260428175338.0
008 260427b |||||||| |||| 00| 0 spa d
020 _a9786123113995
041 _aESP
082 _a347.5
_bT74M
100 _aTorres Carrasco, Manuel Alberto
245 _aManual práctico de títulos valores
250 _aPrimera edición
260 _a Lima :
_bGaceta Jurídica,
_c2016
300 _a166 páginas :
_bgráficos ;
_c24 cm.
440 _a ;
650 _aCIS
653 _aDocumentos negociables; Documentos comerciales, Perú; Interpretación y aplicación
654 _aCDE
700 _a;
856 _zVéase además: Biblioteca digital
_uhttps://itmsp.museknowledge.com/UCSP?groupID=2
942 _cLIB
_dJUS
_fMIP
_n0
_2ddc
999 _c25514
_d25514